Liedtext - Dieser Sommer - Tream - Statistiken

Allgemein
  • Dieses Quiz wurde 60 mal gespielt
  • Das Durchschnittsergebnis liegt bei 182 aus 333
Antwortstatistiken
Antwort % Korrekt
die
93%
Die
93%
da
91%
dieser
91%
Sommer
91%
an
86%
den
86%
dann
81%
Und
79%
und
79%
du
77%
Du
77%
fing
72%
Wir
72%
wir
72%
mich
70%
wie
70%
durch
67%
Es
67%
es
67%
ich,
67%
ich
67%
Ich
67%
Meine
67%
meine
67%
das
65%
hab
65%
en
63%
in
63%
ist
63%
Jungs
63%
nach
63%
Stadt
63%
wird
63%
halten
60%
wach
60%
war
60%
Wenn
60%
wenn
60%
alles,
58%
alles
58%
ein,
58%
ein
58%
Fahren
58%
hat
58%
im
58%
Kolonne
58%
Lagerfeuer
58%
verliebt
58%
was
58%
Was
58%
zu
58%
enden
56%
man
56%
nicht
56%
riecht
56%
uns
56%
begonnen
53%
der
53%
für
53%
wies
53%
wo
53%
Denn
51%
glaub
51%
immer
51%
weiß
51%
heute
49%
Heute
49%
mal
49%
nie
49%
nur
49%
auf
47%
lief
47%
sollte
47%
unter
47%
wollte
47%
zum
47%
berühr
44%
einen
44%
geschäftlich
44%
Himmel
44%
Schlaf
44%
Wolken
44%
Bolzen
42%
niemals
42%
trafen
42%
freiem
40%
ab
37%
lass
37%
Lidl,
37%
mit
37%
waren
37%
Hol
35%
little
35%
Little
35%
love
35%
paar
35%
wann
35%
begann
33%
dich
33%
Herz
33%
holen
33%
lang
33%
letzten
33%
life
33%
meinem
33%
sag
33%
Schluck
33%
teilen
33%
vergeben
33%
vergessen
33%
Zeit
33%
zur
33%
zwischen
33%
auch
30%
Auch
30%
Flasche
30%
haben
30%
heben
30%
Jahren
30%
mir
30%
my
30%
spät
30%
unser
30%
werden
30%
with
30%
bleib
28%
Brust
28%
Fußball
28%
ganzen
28%
Kneipe,
28%
Platz
28%
Wappen
28%
wurde,
28%
älter
26%
Danach
26%
Grill
26%
interessant
26%
Lokal,
26%
sechzehn
26%
Selbe
26%
selber
26%
Sonnenbank
26%
Stammtisch
26%
verboten
26%
vermissen
26%
weiterziehst,
26%
50 ccm
23%
Fackeln
23%
finden
23%
gedacht
23%
kann
23%
Kies
23%
Schmeiß
23%
Schotter
23%
Sonnenuntergang
23%
wirst
23%
Ansicht
21%
einmal
21%
Motor
21%
stehen
21%
Biere
19%
donnern
19%
Ständig
19%
fort
16%
kälter
16%
tanzt
16%
sommerlang,
14%
I´m
7%
´ne
2%
Keine übereinstimmenden Quizze gefunden
Verteilung der Resultate
Anzahl Personen mit jedem Resultat
Perzentil nach korrekt beantworteten Fragen
Ihre Resultats-Entwicklung
Sie haben dieses Quiz noch nicht gespielt